书目信息 |
| 题名: |
菲律宾共和国
|
|
| 作者: | 赛义德, 著 ;吴世昌 译 | |
| 分册: | 下册 | |
| 出版信息: | 北京 商务印书馆 1979 |
|
| 页数: | 339-632页 | |
| 开本: | 20cm | |
| 丛书名: | ||
| 单 册: | ||
| 中图分类: | K341 | |
| 科图分类: | ||
| 主题词: | ||
| 电子资源: | ||
| ISBN: | ||
| 000 | 00765nam0 2200241 450 | |
| 001 | 1242117750 | |
| 005 | 20121018150551.81 | |
| 010 | @dCNY1.95 | |
| 091 | @a11017.437@dCNY1.95 (全2册) | |
| 100 | @a20080424d1979 em y0chiy0121 ea | |
| 101 | 1 | @achi@ceng |
| 102 | @aCN@b110000 | |
| 105 | @ay z 000yy | |
| 200 | 1 | @a菲律宾共和国@Afei lv bin gong he guo@e历史、政府与文明@h下册@f(菲)格雷戈里奥·F.赛义德著@g吴世昌译 |
| 210 | @a北京@c商务印书馆@d1979 | |
| 215 | @a339-632页@d20cm | |
| 510 | 1 | @aThe Republic of the Philippines@eHistory,government,and civilization@zeng |
| 607 | @a菲律宾@x历史 | |
| 690 | @aK341@v4 | |
| 701 | 1 | @a赛义德,@Asai yi de@bG.F.@4著 |
| 702 | 0 | @a吴世昌@Awu shi chang@4译 |
| 801 | 0 | @aCN@bNLC@c20101222 |
| 905 | @a10447@dK341@eJY7:2 | |
| 菲律宾共和国:历史、政府与文明.下册/(菲)格雷戈里奥·F.赛义德著/吴世昌译.-北京:商务印书馆,1979 |
| 339-632页;20cm |
| ISBN :CNY1.95 |
| ● |
| 相关链接 |
|
|
|
|
正题名:菲律宾共和国
索取号:K341/JY7:2
 
预约/预借
| 序号 | 登录号 | 条形码 | 馆藏地/架位号 | 状态 | 备注 |
| 1 | 7832495 | 278324957 | 学院路分馆/ [索取号:K341/JY7:2] | 在馆 |